000 01091nam a22002777a 4500
001 685
005 20241217144805.0
020 _a9780670012435 (hardcover)
020 _a9780545453509
040 _aDLC
_cDLC
_dDLC
_beng
050 0 0 _aG530.T6
_bD46 2011
082 0 0 _a910.9163/4
_222
100 1 _aDenenberg, Barry.
245 1 0 _aTitanic sinks! /
_cBarry Denenberg.
250 _aFirst Scholastic printing, April 2012
260 _aNew York :
_bScholastic,
_c2011.
300 _a72 pages :
_bcolor illustrations
_c29 cm.
500 _a"Modern times : your world illustrated ; a special memorial edition of Modern Times magazine's historic coverage of the Titanic tragedy"-T.p.
505 _aZ
520 _aPresents the true story of the building and launching of the Titanic and offers a "you are there" feeling when the steamship struck an iceberg and sank on her maiden voyage.
521 _a1200
_bLexile
521 _aZ
_bRaz-Plus
650 0 _aShipwrecks
_zNorth Atlantic Ocean
_vJuvenile literature.
906 _a7
_bcbc
_corignew
_d1
_eecip
_f20
_gy-gencatlg
942 _2ddc
_cBK
_n0
999 _c685
_d685